[Event "2nd Indonesia Open"]
[Site "Jakarta INA"]
[Date "2012.10.13"]
[Round "4.10"]
[White "Wei Yi"]
[Black "Krasenkow,M"]
[Result "1-0"]
[WhiteElo "2454"]
[BlackElo "2636"]

1.e4 e5 2.Nf3 Nc6 3.Nc3 Nf6 4.Bb5 Bd6 5.O-O O-O 6.d3 h6 7.a3 Re8 8.Ne2 Bf8
9.Ng3 d6 10.Re1 g6 11.Ba4 Bg7 12.c4 Bg4 13.Be3 Nd7 14.Bxc6 bxc6 15.h3 Bxf3
16.Qxf3 a5 17.b4 axb4 18.axb4 Nf8 19.Ra5 Rb8 20.Bd2 Ne6 21.Qd1 Bf6 22.Bc3 Bg5
23.Ne2 c5 24.b5 Rf8 25.Ra6 Qe8 26.Bb2 f5 27.exf5 gxf5 28.Nc3 Qf7 29.Nd5 Nf4
30.Nxf4 Bxf4 31.Qf3 Rbe8 32.Ra7 Rb8 33.Bc3 Bg5 34.Qc6 Rb6 35.Qxc7 Qxc7 36.Rxc7 Ra8
37.Ra1 Rxa1+ 38.Bxa1 e4 39.d4 e3 40.Kf1 f4 41.dxc5 dxc5 42.Rxc5 Rb8 43.Bd4  1-0

[Event "2nd Indonesia Open"]
[Site "Jakarta INA"]
[Date "2012.10.13"]
[Round "5.10"]
[White "Ehlvest,J"]
[Black "Wei Yi"]
[Result "1/2-1/2"]
[WhiteElo "2607"]
[BlackElo "2454"]

1.e4 c5 2.Nf3 d6 3.d4 cxd4 4.Nxd4 Nf6 5.Nc3 a6 6.h3 e6 7.g4 Be7 8.g5 Nfd7
9.Be3 b5 10.a3 Bb7 11.f4 Nc6 12.h4 Rc8 13.Rh3 Na5 14.f5 Nf8 15.Qd2 h6 16.b3 hxg5
17.hxg5 Rxh3 18.Bxh3 Qc7 19.Nce2 e5 20.f6 gxf6 21.Nf5 Nd7 22.Nxe7 Kxe7 23.gxf6+ Ke8
24.Ng3 d5 25.exd5 Qxc2 26.Qxa5 Qh2 27.Bxd7+ Kxd7 28.Bf2 e4 29.Qb4 Re8 30.Nf1 Qe5
31.Qd4 e3 32.Qg4+ Kd8 33.Nxe3 Qxa1+ 34.Kd2 Qxa3 35.Nc2 Qd6 36.Nb4 Qd7 37.Qd4 Qd6
38.Qg4 Bxd5 39.Qd4 Kc8 40.Nxd5 Rd8 41.Ne7+ Kb7 42.Kc3 Qc7+ 43.Qc5 Qa5+ 44.Kb2 Qd2+
45.Ka3 Qa5+ 46.Kb2 Qd2+  1/2-1/2

[Event "2nd Indonesia Open"]
[Site "Jakarta INA"]
[Date "2012.10.15"]
[Round "6.7"]
[White "Wei Yi"]
[Black "Fedorchuk,S"]
[Result "1-0"]
[WhiteElo "2454"]
[BlackElo "2647"]

1.e4 e5 2.Nf3 Nc6 3.Nc3 Nf6 4.Bb5 Bd6 5.d3 a6 6.Ba4 O-O 7.Bg5 h6 8.Bh4 b5
9.Bb3 Be7 10.a4 Rb8 11.h3 d6 12.axb5 axb5 13.Bxf6 Bxf6 14.Nd5 g6 15.O-O Bg7
16.Qd2 Kh7 17.c3 Bb7 18.d4 exd4 19.cxd4 Ne7 20.Rac1 c6 21.Nxe7 Qxe7 22.Qb4 Rfe8
23.Rfe1 Bf8 24.e5 Qd7 25.Qd2 Rbd8 26.Qf4 d5 27.Bc2 Ra8 28.h4 Kg8 29.h5 g5
30.Nxg5 hxg5 31.Qxg5+ Kh8 32.Re3 Qe6 33.h6 Bxh6 34.Qh4 Kg7 35.Rg3+ Kf8 36.Bf5 Bxc1
37.Bxe6 Rxe6 38.f4 c5 39.f5 Rh6 40.Qg4 cxd4 41.Qxd4 Ra1 42.Qc5+ Ke8 43.Rg8+ Kd7
44.e6+  1-0

[Event "2nd Indonesia Open"]
[Site "Jakarta INA"]
[Date "2012.10.15"]
[Round "7.5"]
[White "Wang Chen"]
[Black "Wei Yi"]
[Result "1/2-1/2"]
[WhiteElo "2469"]
[BlackElo "2454"]

1.d4 Nf6 2.Bg5 d5 3.Nf3 Ne4 4.Bf4 e6 5.Nbd2 Bd6 6.Bxd6 Qxd6 7.e3 Nxd2 8.Qxd2 O-O
9.c4 b6 10.Rc1 dxc4 11.Bxc4 Bb7 12.Be2 Nd7 13.O-O Rac8 14.b4 c5 15.dxc5 Qxd2
16.Nxd2 bxc5 17.a3 cxb4 18.axb4 Nb6 19.Nb3 Nd5 20.Ra1 Nxb4 21.Rxa7 Bd5 22.Nd4 Ra8
23.Rfa1 Rxa7 24.Rxa7 Ra8 25.Rxa8+ Bxa8 26.Bf3 Bd5 27.Bxd5 Nxd5 28.Kf1 e5
29.e4 Nf6 30.Nc6 Nxe4 31.Nxe5 f6 32.Nd3 Kf7  1/2-1/2

[Event "2nd Indonesia Open"]
[Site "Jakarta INA"]
[Date "2012.10.16"]
[Round "8.4"]
[White "Wei Yi"]
[Black "Tkachiev,V"]
[Result "0-1"]
[WhiteElo "2454"]
[BlackElo "2662"]

1.e4 e5 2.Nf3 Nc6 3.Nc3 Nf6 4.Bb5 Bc5 5.O-O O-O 6.Nxe5 Nxe5 7.d4 Bd6 8.f4 Neg4
9.e5 Be7 10.f5 d6 11.exf6 Nxf6 12.Qf3 c6 13.Bd3 Qb6 14.Qf4 d5 15.Kh1 Re8
16.g4 Bd8 17.h3 Bd7 18.Na4 Qc7 19.Nc5 Qc8 20.g5 Ne4 21.Bxe4 dxe4 22.Nxe4 Bxf5
23.Nd6 Bc7 24.Qxf5 Bxd6 25.Qxc8 Raxc8 26.Rf2 Re2 27.Kg2 Re1 28.b3 Rce8 29.a4 R8e4
30.c3 Bf4 31.Bb2 Rxa1 32.Bxa1 Bxg5 33.Bb2 Bh4 34.Rc2 f5 35.Bc1 Kf7 36.Kf3 Bf6
37.Rg2 h6 38.Re2 Rxe2 39.Kxe2 g5 40.Kf3 h5 41.Be3 Ke6 42.Bf2 a6 43.c4 Be7
44.Be3 f4 45.Bxf4 gxf4 46.Kxf4 Bf6 47.Ke4 a5  0-1

[Event "2nd Indonesia Open"]
[Site "Jakarta INA"]
[Date "2012.10.17"]
[Round "9.10"]
[White "Barbosa,O PHI"]
[Black "Wei Yi"]
[Result "1/2-1/2"]
[WhiteElo "2575"]
[BlackElo "2454"]

1.d4 d5 2.Nf3 e6 3.c4 c5 4.cxd5 exd5 5.g3 Nf6 6.Bg2 Be7 7.O-O O-O 8.Nc3 Nc6
9.dxc5 Bxc5 10.Na4 Be7 11.Be3 Bg4 12.Rc1 Re8 13.h3 Bxf3 14.exf3 d4 15.Bg5 d3
16.Rc3 Qa5 17.Bxf6 Bxf6 18.Rxd3 Rad8 19.Nc3 Bxc3 20.bxc3 Qxa2 21.f4 Qe6 22.h4 Rxd3
23.Qxd3 g6 24.Rb1 Re7 25.h5 Rd7 26.Qb5 Kg7 27.Qc5 Qe7 28.Qb5 Qf6 29.Qc5 Qe7
30.Qb5 Qf6 31.Qc5 Qe7  1/2-1/2

[Event "Iceland-China Friendly Match"]
[Site "Reykjavik ISL"]
[Date "2013.02.16"]
[Round "1.5"]
[White "Wei Yi"]
[Black "Karlsson,MiJ"]
[Result "1-0"]
[WhiteElo "2501"]
[BlackElo "1990"]

1.e4 c5 2.Nf3 Nc6 3.Nc3 e6 4.d4 cxd4 5.Nxd4 Qb6 6.Be3 a6 7.Nxe6 Qxb2 8.Nc7+ Kd8
9.N7d5 Bb4 10.Bd2 Nge7 11.Rb1 Qa3 12.Rb3 Qa5 13.Nxb4 Nxb4 14.Ne2 Nec6 15.a3 Qe5
16.axb4 Qxe4 17.Re3 Qg6 18.Rg3 Qf5 19.Rxg7 Re8 20.Rg5 Qf6 21.Rg3 Kc7 22.Re3 Rxe3
23.Bxe3 Nxb4 24.Nd4 d5 25.Qd2 Nc6 26.Be2 Be6 27.O-O Rg8 28.Nxc6 bxc6 29.Qa5+ Kd7
30.Rb1 d4 31.Rb7+ Kd6 32.Bf4+  1-0

[Event "Iceland-China Friendly Match"]
[Site "Reykjavik ISL"]
[Date "2013.02.16"]
[Round "2.5"]
[White "Olafsson,H1"]
[Black "Wei Yi"]
[Result "1/2-1/2"]
[WhiteElo "2547"]
[BlackElo "2501"]

1.Nf3 Nf6 2.c4 g6 3.Nc3 d5 4.cxd5 Nxd5 5.Qc2 Nc6 6.e3 Bg7 7.a3 O-O 8.Bb5 Ne5
9.Nxe5 Bxe5 10.d4 Bg7 11.O-O c6 12.Be2 e5 13.dxe5 Bxe5 14.Rd1 Qc7 15.Nxd5 Bxh2+
16.Kf1 cxd5 17.Qxc7 Bxc7 18.Rxd5 Be6 19.Rb5 b6 20.Bd2 Bd6 21.Bb4 Rfd8 22.Ke1 Rac8
23.Bxd6 Rxd6 24.Rd1 Rxd1+ 25.Kxd1 Rd8+ 26.Ke1 Bd5 27.g3 Kf8 28.Rb4 Ke7 29.Rd4 Rd6
30.Bc4 Be6 31.Rh4 g5 32.Re4 f5 33.Rxe6+ Rxe6 34.Bxe6 Kxe6 35.f3 Kd5 36.b3 h5
37.Ke2 Ke5 38.Kf2 Ke6 39.Ke2 Kd5 40.Kf2 b5 41.Ke2 g4 42.Kf2 Ke5 43.Ke2 Kd5
44.Kf2 Ke5  1/2-1/2

[Event "Iceland-China Friendly Match"]
[Site "Reykjavik ISL"]
[Date "2013.02.16"]
[Round "3.5"]
[White "Wei Yi"]
[Black "Gretarsson,Hj"]
[Result "1-0"]
[WhiteElo "2501"]
[BlackElo "2509"]

1.e4 e5 2.Nf3 Nc6 3.Bc4 Bc5 4.c3 Nf6 5.d4 exd4 6.cxd4 Bb4+ 7.Bd2 Bxd2+ 8.Nbxd2 d5
9.exd5 Nxd5 10.O-O O-O 11.Rc1 Nb6 12.Bb3 Bg4 13.h3 Bh5 14.Rc5 Bg6 15.Qc1 Rc8
16.Qc3 Ne7 17.Ne5 Nd7 18.Nxg6 hxg6 19.Rg5 c6 20.Nf3 Nf6 21.Re1 Ned5 22.Qd2 Qd6
23.Ne5 Rc7 24.f4 Nh7 25.Rg3 Ne7 26.Kh1 Qf6 27.Rg4 Qf5 28.Bc2 Qf6 29.Bb3 Qf5
30.Nf3 Rd8 31.Re5 Qf6 32.Qe2 Nf5 33.Qe4 Rcd7 34.Kh2 Nf8 35.Rxg6 Qxg6 36.Rxf5 Rxd4
37.Nxd4 Rxd4 38.Qe5 Rd7 39.Rg5 Qh6 40.Rg3 Kh8 41.Qe8 Qd6 42.Bxf7 Qe7 43.Qxe7 Rxe7
44.Bb3 Nd7 45.Rd3 Kh7 46.Bc2 Kg8 47.Bb3+ Kf8 48.Rd6 Ke8 49.Be6 Nf6 50.Bf5 a5
51.Bg6+ Kf8 52.Rd8+ Ne8 53.h4 b5 54.h5 a4 55.g4 b4 56.g5 a3 57.bxa3 bxa3
58.f5 Re2+ 59.Kg3  1-0

[Event "Iceland-China Friendly Match"]
[Site "Reykjavik ISL"]
[Date "2013.02.16"]
[Round "4.5"]
[White "Thorhallsson,T"]
[Black "Wei Yi"]
[Result "0-1"]
[WhiteElo "2441"]
[BlackElo "2501"]

1.e4 c5 2.Nf3 d6 3.d4 cxd4 4.Nxd4 Nf6 5.Nc3 a6 6.Bg5 e6 7.f4 h6 8.Bh4 Qb6
9.Qd3 Qxb2 10.Rb1 Qa3 11.Be2 Be7 12.O-O Qa5 13.Kh1 Nbd7 14.Rbe1 O-O 15.Bd1 Nc5
16.Qf3 Qd8 17.Bf2 Bd7 18.g4 Nh7 19.Rg1 b5 20.Rg2 b4 21.Nb1 Bf6 22.c3 Rb8
23.Bc2 bxc3 24.Nxc3 Rb2 25.Bg1 e5 26.Nf5 Ne6 27.Nd5 exf4 28.Nxf6+ Qxf6 29.h4 Rc8
30.Qd3 f3 31.Rh2 Bb5 32.Qd1 Be2 33.Rexe2 fxe2 34.Rxe2 Nhf8 35.g5 hxg5 36.hxg5 Qxg5
37.Rg2 Qxg2+ 38.Kxg2 Rcxc2+ 39.Kh1 Ng6 40.Qxd6 Rd2 41.Qc6 Rb1 42.Qe8+ Nef8
43.Ne3 Re2 44.Ng2 Rc2  0-1

[Event "Iceland-China Friendly Match"]
[Site "Reykjavik ISL"]
[Date "2013.02.16"]
[Round "5.5"]
[White "Wei Yi"]
[Black "Kjartansson,G"]
[Result "1-0"]
[WhiteElo "2501"]
[BlackElo "2430"]

1.e4 c6 2.d4 d5 3.Nd2 dxe4 4.Nxe4 Bf5 5.Ng3 Bg6 6.h4 h6 7.Nf3 Nd7 8.h5 Bh7
9.Bd3 Bxd3 10.Qxd3 e6 11.Bd2 Ngf6 12.O-O-O Be7 13.Ne4 Nxe4 14.Qxe4 Nf6 15.Qf4 Qd5
16.Kb1 O-O-O 17.Qe3 Rhf8 18.Qd3 Qe4 19.Qb3 Qf5 20.Rde1 Rd5 21.Ka1 Ne4 22.Be3 Rb5
23.Qd3 Nd6 24.Qe2 Qg4 25.Rh3 Nf5 26.c4 Ra5 27.Bd2 Ra4 28.Qd3 Rd8 29.Re4 Rxd4
30.Nxd4 Qd1+ 31.Qb1 Qxd2 32.Nxf5 Bf6 33.c5 Ra5 34.Nd6+ Kb8 35.Nc4 Qxf2 36.Nxa5 Bxb2+
37.Qxb2 Qf1+ 38.Qb1  1-0

[Event "Iceland-China Friendly Match"]
[Site "Reykjavik ISL"]
[Date "2013.02.16"]
[Round "6.5"]
[White "Ptacnikova,L"]
[Black "Wei Yi"]
[Result "0-1"]
[WhiteElo "2269"]
[BlackElo "2501"]

1.Nf3 Nf6 2.g3 g6 3.Bg2 Bg7 4.O-O O-O 5.c4 d5 6.cxd5 Nxd5 7.Nc3 Nc6 8.Nxd5 Qxd5
9.d3 Qb5 10.Rb1 Be6 11.b3 Rad8 12.Bf4 Qa5 13.a4 Nb4 14.Qd2 c5 15.Rfc1 b6
16.Bh6 Qa6 17.Bxg7 Kxg7 18.Qb2+ f6 19.d4 Rc8 20.Qd2 Bf5 21.Ra1 Rfd8 22.Qe3 Nd5
23.Qd2 Nb4 24.Qe3 Kf7 25.Qh6 g5 26.e4 Bg6 27.d5 Nd3 28.Bh3 Kg8 29.Be6+ Kh8
30.Bxc8 Qxc8 31.Rd1 Bxe4 32.Ne1 Ne5 33.f3 Bg6 34.Kg2 Rd6 35.Rd2 Bf5 36.Rad1 g4
37.f4 Nf7 38.Qh4 Be4+ 39.Kg1 Qf5 40.Ng2 Bf3 41.Ne3  0-1

[Event "Iceland-China Friendly Match"]
[Site "Reykjavik ISL"]
[Date "2013.02.17"]
[Round "7.4"]
[White "Kjartansson,G"]
[Black "Wei Yi"]
[Result "0-1"]
[WhiteElo "2430"]
[BlackElo "2501"]

1.c4 Nf6 2.g3 g6 3.Bg2 Bg7 4.Nc3 O-O 5.Nf3 d5 6.cxd5 Nxd5 7.O-O Nc6 8.Qb3 Nb6
9.d3 Bg4 10.Be3 Qd7 11.Rfd1 Rad8 12.Rac1 Be6 13.Qa3 Nd5 14.Bd2 Qd6 15.Qa4 Qb4
16.Qc2 Nxc3 17.bxc3 Qa5 18.Rb1 b6 19.Ng5 Bd7 20.d4 Qa6 21.e3 e5 22.d5 Ne7
23.Bf1 Qa4 24.Qd3 Bg4 25.f3 e4 26.Qxe4 Qxe4 27.fxe4 h6 28.Nh3 Bxd1 29.Rxd1 Nc8
30.c4 Rfe8 31.Nf2 h5 32.Kg2 Nd6 33.Kf3 Rd7 34.Bb4 a5 35.Ba3 f5 36.Bxd6 cxd6
37.exf5 Rf7 38.Bd3 gxf5 39.Nh3 Rfe7 40.Re1 Bd4 41.e4 fxe4+ 42.Bxe4 Rf8+ 43.Nf4 Be5
44.Rb1 Rc7 45.Bd3 Rcf7 46.Rxb6 Bxf4 47.gxf4 Rxf4+ 48.Ke3 Rf3+ 49.Kd4 R8f4+
50.Be4 Ra3 51.Rxd6 Rxa2 52.c5 Ra4+ 53.Kd3 Rfxe4 54.c6 Rad4+ 55.Kc3 Rc4+ 56.Kd3 Red4+
57.Ke3 Rd1 58.Rd7 a4 59.c7 a3 60.d6 a2 61.Rd8+ Kf7 62.Ra8 Rxd6 63.Ra7 Ke6
64.Rxa2 Rxc7 65.Kf3 Rc3+ 66.Kf4 Kf6 67.Ra4 Rh3 68.Rb4 Rh4+  0-1

[Event "Iceland-China Friendly Match"]
[Site "Reykjavik ISL"]
[Date "2013.02.17"]
[Round "8.3"]
[White "Wei Yi"]
[Black "Thorhallsson,T"]
[Result "0-1"]
[WhiteElo "2501"]
[BlackElo "2441"]

1.e4 d5 2.exd5 Nf6 3.d4 Nxd5 4.Be2 g6 5.Nf3 Bg7 6.O-O O-O 7.h3 c5 8.c3 cxd4
9.Nxd4 e5 10.Nb3 Nc6 11.Na3 b6 12.Bf3 Be6 13.Qe2 Qh4 14.Qb5 Nce7 15.Re1 Rad8
16.Qf1 f5 17.Nc4 e4 18.g3 Qf6 19.Bg2 f4 20.Rxe4 Bf5 21.Rd4 fxg3 22.fxg3 Qe6
23.Bf4 Nxf4 24.gxf4 Bxd4+ 25.Nxd4 Qf6 26.Ne5 Bc8 27.Qc4+ Kh8 28.Rf1 Nf5 29.Ng4 Qg7
30.Nf3 h5 31.Nge5 Ne3 32.Qe4 Nxf1 33.Nxg6+ Kg8 34.Ne7+ Kh8 35.Ng6+ Kg8 36.Ne7+ Kh8
37.Ne5 Rf6 38.N5g6+ Rxg6 39.Nxg6+ Kg8 40.Kxf1 Rd1+ 41.Ke2 Qd7 42.Ne7+ Kf8
43.Nd5 Rg1 44.Kf2 Rd1 45.Ke2 Rg1 46.Nf6 Qe6 47.Qxe6 Bxe6 48.Bf3 h4 49.Ng4 Rb1
50.b3 Rb2+ 51.Ke3 Rxa2 52.c4 Ra3 53.Bd1 Bxc4 54.Kd4 Bxb3 55.Be2 Be6 56.Ne3 Rxe3
57.Kxe3 Bxh3 58.Ke4 Kf7 59.f5 Kf6  0-1

[Event "Iceland-China Friendly Match"]
[Site "Reykjavik ISL"]
[Date "2013.02.17"]
[Round "9.2"]
[White "Stefansson,H"]
[Black "Wei Yi"]
[Result "0-1"]
[WhiteElo "2496"]
[BlackElo "2501"]

1.d4 Nf6 2.c4 e6 3.Nf3 d5 4.g3 Be7 5.Bg2 O-O 6.O-O dxc4 7.Qc2 b5 8.a4 b4
9.Ne5 Qxd4 10.Nxc4 c6 11.Rd1 Qc5 12.Nbd2 Ba6 13.b3 Nbd7 14.Bb2 Rfd8 15.e3 Qh5
16.Rac1 Rac8 17.h3 Qg6 18.Ne4 Bxc4 19.Qxc4 Nb6 20.Rxd8+ Bxd8 21.Qd3 Be7 22.a5 Nbd5
23.Qa6 Rd8 24.Rc4 Nxe4 25.Bxe4 Qh5 26.Qxa7 Qd1+ 27.Kg2 c5 28.Bxd5 Qxd5+ 29.e4 Qd7
30.Qb6 Qd6 31.Qb5 Qd7 32.Rxc5 Bxc5 33.Qxc5 Qd6 34.Qg5 f6 35.Bxf6 Rd7 36.Qg4 Ra7
37.h4 Qd7 38.h5 h6 39.Bb2 Rxa5 40.Qf4 Rxh5 41.Qb8+ Kh7 42.Qxb4 Qd1  0-1

[Event "Iceland-China Friendly Match"]
[Site "Reykjavik ISL"]
[Date "2013.02.17"]
[Round "10.1"]
[White "Wei Yi"]
[Black "Olafsson,H1"]
[Result "1-0"]
[WhiteElo "2501"]
[BlackElo "2547"]

1.e4 c6 2.d4 d5 3.Nd2 dxe4 4.Nxe4 Nd7 5.Ng5 Ngf6 6.Bd3 e6 7.N1f3 Bd6 8.Qe2 h6
9.Ne4 Nxe4 10.Qxe4 Qc7 11.Bd2 b6 12.O-O-O Bb7 13.Kb1 c5 14.Qe2 Rc8 15.dxc5 Nxc5
16.Bb5+ Kf8 17.Bb4 Kg8 18.Nd4 a6 19.Bxc5 bxc5 20.Nxe6 Qe7 21.Bxa6 Rb8 22.Bc4 Re8
23.Rhe1 Bxg2 24.Qg4 Qc7 25.Rh1 Bb7  1-0

[Event "Iceland-China Friendly Match"]
[Site "Reykjavik ISL"]
[Date "2013.02.17"]
[Round "11.6"]
[White "Gretarsson,Hj"]
[Black "Wei Yi"]
[Result "0-1"]
[WhiteElo "2509"]
[BlackElo "2501"]

1.d4 Nf6 2.c4 g6 3.f3 d5 4.cxd5 Nxd5 5.e4 Nb6 6.Nc3 Bg7 7.Be3 O-O 8.Qd2 e5
9.d5 c6 10.h4 cxd5 11.exd5 N8d7 12.h5 Nf6 13.hxg6 fxg6 14.O-O-O Qd6 15.Nh3 Bxh3
16.Rxh3 Rac8 17.Kb1 e4 18.Bh6 Bxh6 19.Rxh6 Qe5 20.Rh4 e3 21.Qd4 Rfe8 22.Be2 Qf5+
23.Ka1 Nfxd5 24.Nxd5 Qxd5 25.Qxd5+ Nxd5 26.Kb1 Nf6 27.Rb4 Rc7 28.g4 Kg7 29.Rb3 h5
30.g5 Nh7 31.f4 Re4 32.Rf1 Rf7 33.Kc2 h4 34.Kd3 Re6 35.Rb4 Nf8 36.Rh1 Nd7
37.Bg4 Nc5+ 38.Ke2 Rd6 39.Rc4 Nd3 40.Kxe3 Re7+ 41.Kf3 Ne1+ 42.Rxe1 Rxe1 43.Rc7+ Kf8
44.Rxb7 Rg1 45.Rh7 Rg3+ 46.Ke4 Rxg4 47.Ke5 Rb6 48.Rxa7 Rxb2 49.a4 h3 50.Rh7 h2
51.a5 Rg1  0-1

[Event "Iceland-China Friendly Match"]
[Site "Reykjavik ISL"]
[Date "2013.02.17"]
[Round "12.5"]
[White "Wei Yi"]
[Black "Ptacnikova,L"]
[Result "1/2-1/2"]
[WhiteElo "2501"]
[BlackElo "2269"]

1.e4 c5 2.Nf3 Nc6 3.Bb5 g6 4.Bxc6 dxc6 5.d3 Bg7 6.Nc3 e5 7.Be3 Qe7 8.Qd2 Nf6
9.a4 a5 10.O-O Nd7 11.Ne1 Nf8 12.f4 exf4 13.Bxf4 Ne6 14.Bh6 O-O 15.Nf3 Nd4
16.Bxg7 Kxg7 17.Ne2 Nxe2+ 18.Qxe2 Bg4 19.Qe3 Bxf3 20.Rxf3 Rae8 21.Raf1 f5
22.Qf2 fxe4 23.Rxf8 Rxf8 24.Qxf8+ Qxf8 25.Rxf8 Kxf8 26.dxe4 b5 27.Kf2 Ke7
28.Ke3 Ke6 29.b3 Ke5 30.c4 bxc4 31.bxc4 h6 32.Kd3 Kf4 33.g3+ Ke5 34.Ke3 g5
35.Kd3 Kf6 36.Ke2 Ke6 37.Kf3 Ke5 38.Ke3 Ke6 39.h3 Kf6 40.Kd3 Ke5 41.Ke3 Kf6
42.Kd3 Ke5 43.Ke3 Kf6 44.Kd3 Ke5  1/2-1/2

[Event "Reykjavik Open 2013"]
[Site "Reykjavik ISL"]
[Date "2013.02.19"]
[Round "1.33"]
[White "Johannsson,O"]
[Black "Wei Yi"]
[Result "0-1"]
[WhiteElo "1953"]
[BlackElo "2501"]

1.d4 Nf6 2.Nf3 e6 3.e3 b6 4.b3 Bb7 5.Bb2 g6 6.Be2 Bg7 7.O-O O-O 8.c4 d6 9.Nc3 Nbd7
10.Qc2 c5 11.dxc5 Nxc5 12.Rad1 Qe7 13.b4 Nce4 14.Nxe4 Nxe4 15.Bxg7 Kxg7 16.Nd4 e5
17.Nb5 f5 18.Bf3 a6 19.Nc3 Nxc3 20.Qxc3 Bxf3 21.gxf3 Rac8 22.Rd5 Rc6 23.Rfd1 Rfc8
24.Qd3 Qg5+ 25.Kh1 Qh5 26.e4 Rxc4 27.Rxd6 Rc3 28.Qe2 Rxf3 29.exf5 Qxf5 30.Rxb6 Rxf2
31.Rb7+ Kh8  0-1

[Event "Reykjavik Open 2013"]
[Site "Reykjavik ISL"]
[Date "2013.02.20"]
[Round "2.28"]
[White "Wei Yi"]
[Black "Van Weersel,A"]
[Result "1-0"]
[WhiteElo "2501"]
[BlackElo "2211"]

1.e4 e5 2.Nf3 Nc6 3.Bc4 Nf6 4.Ng5 d5 5.exd5 Na5 6.Bb5+ c6 7.dxc6 bxc6 8.Bd3 Be7
9.Ne4 Nxe4 10.Bxe4 f5 11.Bf3 O-O 12.d3 Rb8 13.O-O Ba6 14.Re1 Bf6 15.Nd2 Qc7
16.Rb1 Rbd8 17.b4 Nb7 18.a4 Nd6 19.Be2 Bb7 20.c4 e4 21.c5 Nf7 22.dxe4 fxe4
23.Qb3 e3 24.Qxe3 Rfe8 25.Ne4 Bd4 26.Qf3 Ne5 27.Qg3 Kh8 28.Nd6 Rf8 29.Be3 Bxe3
30.Qxe3 Nf7 31.Nxb7 Qxb7 32.Bf3 Qa6 33.b5 Qxa4 34.bxc6 Rc8 35.Ra1 Qb4 36.Reb1 Qc4
37.Rxa7 Nh6 38.Rc1 Qb4 39.Rb7 Qa5 40.Qe5 Nf5 41.c7 Nh6 42.Rb8 Rg8 43.Rxc8 Rxc8
44.Ra1 Qxc7 45.Qxc7 Rxc7 46.Ra8+ Ng8 47.Bd5 h5 48.c6 Kh7 49.Bxg8+  1-0

[Event "Reykjavik Open 2013"]
[Site "Reykjavik ISL"]
[Date "2013.02.20"]
[Round "3.23"]
[White "Bjerke,R"]
[Black "Wei Yi"]
[Result "0-1"]
[WhiteElo "2131"]
[BlackElo "2501"]

1.e4 c5 2.Nf3 d6 3.d4 cxd4 4.Nxd4 Nf6 5.Nc3 Nc6 6.Bg5 e6 7.Qd2 a6 8.O-O-O h6
9.Bf4 Bd7 10.Nxc6 Bxc6 11.Qe1 Qa5 12.f3 O-O-O 13.Kb1 g5 14.Be3 Bg7 15.Bc4 Nd7
16.Nb5 Qxe1 17.Na7+ Kc7 18.Rhxe1 Ba4 19.b3 Ne5 20.Bf1 Be8 21.a4 Ra8 22.b4 Bxa4
23.b5 axb5  0-1

[Event "Reykjavik Open 2013"]
[Site "Reykjavik ISL"]
[Date "2013.02.22"]
[Round "5.5"]
[White "So,W"]
[Black "Wei Yi"]
[Result "1-0"]
[WhiteElo "2684"]
[BlackElo "2501"]

1.e4 c5 2.Nc3 d6 3.Nf3 Nf6 4.d4 cxd4 5.Nxd4 Nc6 6.Bg5 g6 7.Bxf6 exf6 8.Bb5 Bd7
9.Nde2 Be7 10.Qd2 O-O 11.Ng3 Rc8 12.Nd5 Be6 13.Bc4 Ne5 14.Bb3 Nc4 15.Nxe7+ Qxe7
16.Qd4 f5 17.O-O-O Na5 18.Kb1 Bxb3 19.axb3 f4 20.Ne2 Nc6 21.Qxd6 Qxe4 22.Nc3 Qxg2
23.Qxf4 Rcd8 24.Ne4 f5 25.Nd6 Rf6 26.Nb5 Qe4 27.Qc7 Rd2 28.Rxd2 Qxh1+ 29.Ka2 Rf7
30.Qd6 Qe1 31.c3 Kg7 32.b4 a6 33.Nd4 Rf6 34.Qc7+ Rf7 35.Qf4 Re7 36.Nxc6 Qe6+
37.Ka3 Qxc6 38.Rd6 Qe4 39.Qd2 Qe5 40.f3 a5 41.c4 Qe3+ 42.Qc3+ Re5 43.bxa5 Qxc3+
44.bxc3 Rxa5+ 45.Kb3 Ra1 46.c5 Kf7 47.Kc4 Ke8 48.Rb6 Ra2 49.h4 Ra7 50.Kd5 Kd8
51.f4 Kc8 52.Rf6 Ra3 53.Rf8+ Kc7 54.Rf7+ Kc8 55.Rxh7 Rxc3 56.Rg7 Rh3 57.Rxg6 Rxh4
58.Kd6 Kb8 59.Rg8+ Ka7 60.Ke5 Rh7 61.Rc8 Rh5 62.Kf6 Ka6 63.Kg6 Rh1 64.Kxf5 Rc1
65.Ke6 b5 66.Rc6+ Ka5 67.f5 b4 68.f6 Kb5 69.Rc8 Re1+ 70.Kd6 Rf1 71.Ke7 Re1+
72.Kf8 Rh1 73.Rc7 Ka6 74.f7 Rh4 75.Ke8  1-0

[Event "Reykjavik Open 2013"]
[Site "Reykjavik ISL"]
[Date "2013.02.23"]
[Round "6.22"]
[White "Wei Yi"]
[Black "Muir,A"]
[Result "1-0"]
[WhiteElo "2501"]
[BlackElo "2313"]

1.e4 c5 2.Nf3 Nc6 3.Nc3 d6 4.d4 cxd4 5.Nxd4 Nf6 6.Bc4 e6 7.Be3 Be7 8.Qe2 a6
9.O-O-O Qc7 10.Bb3 Na5 11.g4 b5 12.g5 Nxb3+ 13.axb3 Nd7 14.h4 b4 15.Na4 Nc5
16.h5 Nxe4 17.g6 Bf6 18.Rhg1 Bb7 19.gxf7+ Kxf7 20.Nxe6 Kxe6 21.f3 Kf7 22.fxe4 Rhe8
23.Rdf1 Bxe4 24.Nc5 dxc5 25.Qc4+ Re6 26.Rxg7+ Kxg7 27.Qxe6 Be5 28.Qg4+ Bg6
29.hxg6 hxg6 30.Qe6 Rg8 31.Rg1 Bg3 32.Qg4 Rf8 33.Kb1 Qe5 34.Qxg3 Rf1+ 35.Ka2  1-0

[Event "Reykjavik Open 2013"]
[Site "Reykjavik ISL"]
[Date "2013.02.24"]
[Round "7.2"]
[White "Baklan,V"]
[Black "Wei Yi"]
[Result "0-1"]
[WhiteElo "2609"]
[BlackElo "2501"]

1.e4 c5 2.Nf3 d6 3.d4 cxd4 4.Nxd4 Nf6 5.Nc3 g6 6.Be2 Bg7 7.O-O O-O 8.Re1 Nc6
9.Nb3 Be6 10.Bg5 Rc8 11.h3 a6 12.Bf1 Nd7 13.Rb1 b5 14.Nd5 Nb6 15.c3 f5 16.Nxb6 Qxb6
17.exf5 Bxf5 18.Rc1 Rf7 19.Be3 Qb7 20.Qd5 Na5 21.Qxb7 Nxb7 22.Rcd1 Bc2 23.Rd5 Be4
24.Rd2 e5 25.g3 h5 26.Ra1 Bc6 27.Bg2 Rd7 28.h4 Bxg2 29.Kxg2 Kf7 30.a4 bxa4
31.Rxa4 Rc6 32.c4 Ke6 33.Rd1 d5 34.cxd5+ Rxd5 35.Rda1 Nd6 36.Rxa6 Rc2 37.Na5 Rxb2
38.Nc4 Rc2 39.R1a4 Bf8 40.Rc6 Be7 41.Nxe5 Rxc6 42.Nxc6 Bf6 43.Ra6 Kf7 44.Ra7+ Ke6
45.Nb4 Rd1 46.Nc2 Nf5 47.Bf4 Rb1 48.Ra2 Be7 49.Bd2 Bf6 50.Ne1 Ra1 51.Rc2 Ra3
52.Rc6+ Kf7 53.Nf3 Ra2 54.Rc7+ Ke6 55.Rb7 Nd6 56.Rb3 Ne4 57.Be3 Kf7 58.Rb4 Nd6
59.Bg5 Bc3 60.Rb6 Ne4 61.Rb7+ Ke6 62.Re7+ Kd5 63.Be3 Nd6 64.Rc7 Bf6 65.Ne1 Nf5
66.Kf3 Kd6 67.Rb7 Ra3 68.Rb6+ Ke7 69.Ng2 Nd4+ 70.Ke4 Ne6 71.Rb7+ Kd6 72.Rf7 Be5
73.Rb7 Bf6 74.Rh7 Nf8 75.Rf7 Nd7 76.Bg5 Nc5+  0-1

[Event "Reykjavik Open 2013"]
[Site "Reykjavik ISL"]
[Date "2013.02.26"]
[Round "9.3"]
[White "Gajewski,G"]
[Black "Wei Yi"]
[Result "1/2-1/2"]
[WhiteElo "2644"]
[BlackElo "2501"]

1.Nf3 Nf6 2.c4 g6 3.Nc3 d5 4.cxd5 Nxd5 5.g3 Bg7 6.Bg2 O-O 7.O-O Nc6 8.d4 Nb6
9.e3 Re8 10.a3 e5 11.d5 Na5 12.Qc2 c6 13.b4 Nac4 14.dxc6 bxc6 15.Nd2 Bf5
16.Nce4 Nd6 17.Bb2 Rc8 18.Rad1 Qc7 19.h3 h5 20.Qc1 Nb7 21.Nc5 Nxc5 22.bxc5 Na4
23.Nc4 Rb8 24.Nd6 Red8 25.Nxf5 Rxd1 26.Rxd1 Nxb2 27.Rd2 gxf5 28.Rxb2 Rxb2
29.Qxb2 f4 30.gxf4 exf4 31.Qd2 fxe3 32.Qxe3 Qe5 33.Qxe5 Bxe5  1/2-1/2

[Event "Reykjavik Open 2013"]
[Site "Reykjavik ISL"]
[Date "2013.02.27"]
[Round "10.3"]
[White "Wei Yi"]
[Black "Cheparinov,I"]
[Result "1/2-1/2"]
[WhiteElo "2501"]
[BlackElo "2709"]

1.e4 c5 2.Nf3 d6 3.d4 cxd4 4.Nxd4 Nf6 5.Nc3 a6 6.Be3 e5 7.Nb3 Be7 8.f3 Be6
9.Qd2 O-O 10.O-O-O Nbd7 11.g4 b5 12.g5 b4 13.Ne2 Ne8 14.f4 a5 15.f5 a4 16.Nbd4 exd4
17.Nxd4 b3 18.Kb1 bxc2+ 19.Nxc2 Bb3 20.axb3 axb3 21.Na3 Ne5 22.h4 Ra4 23.Rh3 Qa8
24.Qd5 Rxa3 25.bxa3 Qxa3 26.Rd2 Nc7 27.Qb7 Qa5 28.Qb6 Qc3 29.Qd4 Qc6 30.f6 Rc8
31.fxe7 Nb5 32.e8=Q+ Qxe8 33.Bxb5 Qxb5 34.Rhh2 Nc4 35.Rd1 Na3+ 36.Kb2 Nc4+
37.Kb1 Na3+ 38.Kb2 Nc4+  1/2-1/2

[Event "3rd HD Bank Cup 2013"]
[Site "Ho Chi Minh City VIE"]
[Date "2013.03.19"]
[Round "2.10"]
[White "Wei Yi"]
[Black "Pham Chuong"]
[Result "1-0"]
[WhiteElo "2526"]
[BlackElo "2327"]

1.e4 c5 2.Nf3 d6 3.d4 cxd4 4.Nxd4 Nf6 5.Nc3 g6 6.Be3 Bg7 7.f3 Nc6 8.Qd2 O-O
9.Bc4 Bd7 10.O-O-O Rc8 11.Bb3 Nxd4 12.Bxd4 b5 13.h4 a5 14.h5 a4 15.Bxf6 exf6
16.Bd5 f5 17.hxg6 hxg6 18.g4 fxg4 19.fxg4 Be6 20.Bxe6 fxe6 21.Qh2 Qg5+ 22.Kb1 Rf7
23.Qxd6 Qe5 24.Qa6 Rfc7 25.Rd7 Rc6 26.Qb7 a3 27.Rf1 R6c7 28.Qa6 Re8 29.Rxc7 Qxc7
30.Qxa3 Qc4 31.Rf3 Qd4 32.Rd3 Qg1+ 33.Nd1 Qxg4 34.Qb4 Qg5 35.a3 Rc8 36.Qd6 Qe5
37.Qxe5 Bxe5 38.Rb3 Rc4 39.Nf2 Bd4 40.Nd3 Kf7 41.Rxb5 Kf6 42.Rb4 Rxb4 43.axb4 g5  1-0

[Event "3rd HD Bank Cup 2013"]
[Site "Ho Chi Minh City VIE"]
[Date "2013.03.20"]
[Round "3.6"]
[White "Bui Vinh"]
[Black "Wei Yi"]
[Result "0-1"]
[WhiteElo "2415"]
[BlackElo "2526"]

1.d4 Nf6 2.Bg5 c5 3.Bxf6 gxf6 4.d5 Qb6 5.Qc1 f5 6.c4 d6 7.Nc3 Nd7 8.e3 Nf6
9.Bd3 e5 10.dxe6 fxe6 11.Nge2 Bh6 12.Qc2 Bd7 13.Nf4 O-O-O 14.O-O-O Kb8 15.Kb1 Rhe8
16.Rhe1 Bc6 17.f3 d5 18.cxd5 exd5 19.Bxf5 d4 20.Ne6 Rd6 21.exd4 cxd4 22.Qf2 dxc3
23.Qxb6 Rxd1+ 24.Rxd1 axb6 25.bxc3 Nd5 26.Rd4 Nxc3+ 27.Kb2 Na4+ 28.Ka3 Nc5
29.Rd6 Bc1+ 30.Kb4 Be3 31.Kc4 b5+ 32.Kc3 Na4+ 33.Kd3 Bg1 34.h4 Nc5+ 35.Nxc5 Bxc5
36.Re6 Rd8+ 37.Kc2 b4  0-1

[Event "3rd HD Bank Cup 2013"]
[Site "Ho Chi Minh City VIE"]
[Date "2013.03.22"]
[Round "6.2"]
[White "Wei Yi"]
[Black "Zhou Jianchao"]
[Result "0-1"]
[WhiteElo "2526"]
[BlackElo "2595"]

1.e4 c5 2.Nf3 Nc6 3.d4 cxd4 4.Nxd4 Qb6 5.Nb3 Nf6 6.Nc3 e6 7.Qe2 d6 8.g4 a6
9.f4 Qc7 10.Bg2 b5 11.Be3 b4 12.Na4 Nd7 13.g5 Be7 14.h4 a5 15.Qf2 Rb8 16.Nd2 e5
17.f5 Nd4 18.Bxd4 exd4 19.Qxd4 Ne5 20.O-O Bd7 21.b3 h6 22.f6 gxf6 23.gxf6 Bd8
24.Qe3 Rg8 25.Qxh6 Ng4 26.Qh7 Nxf6 27.Rxf6 Bxf6  0-1